As you like it / (Record no. 128300)

MARC details
000 -LEADER
fixed length control field 00657nam a22002297a 4500
005 - DATE AND TIME OF LATEST TRANSACTION
control field 20170124110037.0
010 ## - LIBRARY OF CONGRESS CONTROL NUMBER
LC control number 772501
020 ## - INTERNATIONAL STANDARD BOOK NUMBER
Terms of availability 00.00
International Standard Book Number 0416178308
035 ## - SYSTEM CONTROL NUMBER
System control number 772501
037 ## - SOURCE OF ACQUISITION
Source of stock number/acquisition Cen Lib/Ret
040 ## - CATALOGING SOURCE
Original cataloging agency DPL
Language of cataloging EN
082 ## - DEWEY DECIMAL CLASSIFICATION NUMBER
Classification number 883.08
Item number SHA
100 ## - MAIN ENTRY--PERSONAL NAME
Personal name Shakespeare, William
9 (RLIN) 22973
245 ## - TITLE STATEMENT
Title As you like it /
Statement of responsibility, etc by William Shakespeare; edited by Agnes Latham
260 ## - PUBLICATION, DISTRIBUTION, ETC. (IMPRINT)
Place of publication, distribution, etc London
Name of publisher, distributor, etc Methuen
Date of publication, distribution, etc 1975
270 ## - ADDRESS
City London
300 ## - PHYSICAL DESCRIPTION
Extent xcv,135p.
Dimensions 20cm(Hb)
650 ## - SUBJECT ADDED ENTRY--TOPICAL TERM
Topical term or geographic name as entry element Fathers and daughters -- Drama
9 (RLIN) 22974
650 ## - SUBJECT ADDED ENTRY--TOPICAL TERM
Topical term or geographic name as entry element Exiles -- Drama
9 (RLIN) 22975
700 ## - ADDED ENTRY--PERSONAL NAME
Personal name Latham, Agnes
9 (RLIN) 22976
942 ## - ADDED ENTRY ELEMENTS (KOHA)
Source of classification or shelving scheme Dewey Decimal Classification
Koha item type English Books
Classification part 883.08
Call number suffix SHA
Holdings
Withdrawn status Lost status Damaged status Not for loan Home library Current library Date acquired Source of acquisition Cost, normal purchase price Total Checkouts Full call number Barcode Date last seen Copy number Cost, replacement price Price effective from Koha item type
        Central Library Central Library 02/07/2015 Cen Lib/Ret 0.00   883.08 SHA 772501 02/07/2015 1 0.00 02/07/2015 English Books

© Delhi Public Library
Hit Counter
free hit counter